[Event "Mittelrhein Verbandsliga-N 17/18"]
[Site "Nordrheinwestfalen"]
[Date "2018.04.15"]
[Round "10.8"]
[White "Ipekyilmaz, Tayfun"]
[Black "Messerschmidt, Stefan"]
[Result "1-0"]
[WhiteElo "1676"]
[BlackElo "1486"]
[PlyCount "85"]
[EventDate "2017.09.10"]
[EventType "team-swiss"]
[EventRounds "11"]
[EventCountry "GER"]
[SourceTitle "EXT 2022"]
[Source "ChessBase"]
[SourceDate "2021.10.06"]
[SourceVersion "1"]
[SourceVersionDate "2021.10.06"]
[SourceQuality "1"]
[WhiteTeam "Langenfeld II"]
[BlackTeam "Koeln Muelheim"]
[WhiteTeamCountry "GER"]
[BlackTeamCountry "GER"]

1. e4 e5 2. Nf3 Nc6 3. Bb5 Nf6 4. d3 Bc5 5. 0-0 d6 6. h3 Be6 7. c3 a6 8. Ba4 b5 9. Bc2 d5 10. Nxe5 Nxe5 11. d4 Bd6 12. exd5 Nxd5 13. dxe5 Bxe5 14. Re1 Qf6 15. Qe2 Bd6 16. Be4 0-0 17. Qf3 Rad8 18. Bxd5 Bxd5 19. Qxf6 gxf6 20. Bh6 Rfe8 21. Nd2 Bf8 22. Bf4 c6 23. Nb3 Kg7 24. Nd4 Kg6 25. b4 c5 26. bxc5 Bxc5 27. Nb3 Bb6 28. Nd4 b4 29. Ne2 Ba5 30. cxb4 Bxb4 31. Reb1 a5 32. Be3 Kf5 33. a3 Bd6 34. Rb5 Bc7 35. Rd1 Ke6 36. Nd4+ Kd6 37. Bf4+ Re5 38. Bxe5+ fxe5 39. Nb3 Kc6 40. Rc5+ Kb6 41. Rdxd5 Re8 42. Nxa5 e4 43. Rc6+ 1-0